N.Y.C. Bridges and Tunnels Quiz Stats

 Plays Quiz Updated Feb 27, 2019

Score 0/12 Timer 03:00
0 Plays Today
Bridge/Tunnel % Correct
Brooklyn Bridge
88.8%
Lincoln Tunnel
76.5%
George Washington Bridge
75.1%
Holland Tunnel
65.9%
Manhattan Bridge
50.4%
Robert F. Kennedy Bridge
50.3%
Queensboro Bridge
44.4%
Queens Midtown Tunnel
35.1%
Williamsburg Bridge
32.4%
Brooklyn Battery Tunnel
28.3%
Third Avenue Bridge
10.8%
Willis Avenue Bridge
8.7%

You're not logged in!

Compare scores with friends on all Sporcle quizzes.
OR
Log In

Sporcle TV

Today on Sporcle TV


Watch our educational content, quiz creation guides, and fun videos on Sporcle TV.

Show Comments

Extras

Top Quizzes Today


Score Distribution

Your Account Isn't Verified!

In order to create a playlist on Sporcle, you need to verify the email address you used during registration. Go to your Sporcle Settings to finish the process.

Report this User

Report this user for behavior that violates our Community Guidelines.

Details: